000 01045nam a22003497a 4500
001 0009096
003 KOHA_MİRAKIL
005 20260207001658.0
007 ta
008 091120b2006 tu |||gr||||#0|||1|tur |
020 _a9753627475
_cYTL9,2
040 _aTR-BiSEU
_btur
_cTR-BiSEU
_erda
041 0 _atur
044 _ctu
050 _aPL248.G87
_bK37 2006
100 1 _aGürlek, Dursun.
245 1 _aKarınca huzura varınca :
_bkültür sohbetleri/
_cDursun Gürlek ; Dursun Gürlek.
250 _a4. bs.
264 1 _aİstanbul :
_bTimaş
_c2006
300 _a320 sayfa; 20 cm.
336 _ametin
_btxt
_2rdacontent
337 _aaracısız
_bn
_2rdamedia
338 _acilt
_bnc
_2rdacarrier
490 1 _aTimaş Yayınları ;
_v823.
490 1 _aTarih İnceleme- Araştırma Dizisi ;
_v2.
650 0 _aTurkish essays.
_96266
650 0 _aTürk denemeleri.
_96262
830 1 _aTimaş Yayınları ;
_v823.
_99767
830 1 _aTarih İnceleme- Araştırma Dizisi ;
_v2.
_922664
907 _aRoman
942 _2lcc
_cBK
999 _c9068
_d9068